| 000 | 00598nam a2200169 a 4500 | ||
|---|---|---|---|
| 003 | PILC | ||
| 005 | 20150112093441.0 | ||
| 008 | 100727s19uu xx 00 eng d | ||
| 050 |
_aN 5285.P62 _b.Ar74 2003 |
||
| 082 |
_aSFf 709.599 _bD88 2003 |
||
| 100 |
_aDuldulao, Manuel D. _918972 |
||
| 245 |
_aArt across thePhilippines : _bSelections from the collection of art patron / _cManuel D. Duldulao |
||
| 260 |
_aQuezon City, Philippines : _bPeso Book Foundation in Association, _c2003. |
||
| 300 |
_a95 pages : _bcolored illustration ; _c29 cm. |
||
| 650 |
_aArts - Painting _918998 |
||
| 942 |
_2lcc _cBK |
||
| 999 |
_c14753 _d14753 |
||